Chicago Fire Characters - Statistics

General Stats
  • This quiz has been taken 694 times
  • The average score is 15 of 30
Answer Stats
Assignment Position Series First Name Answer % Correct
Truck co. 81 Captain, previously lieutenant 1-8 Matt Casey
98%
Rescue squad co.3 Lieutenant 1-8 Kelly Severide
96%
Ambulance no.61/ Truck co.81 Paramedic in charge/ Firefighter 1-6, guest 7-8 Gabriella Dawson
95%
Ambulance no.61 Paramedic 1-2, guest 3 Leslie Shay
92%
Batallion 25 Batallion Chief 1-8 Wallace Boden
82%
Ambulance no.61 Paramedic in Charge 3-8 Sylvie Brett
81%
Truck co.81/ Ambulance no.61/ squad co.3 Firefighter/ Paramedic 1-3 Peter Mills
81%
Truck co.81/ Squad co.3 Firefighter 1-8 Joe Cruz
80%
Truck co.81 Firefighter 4-8 Stella Kidd
78%
Engine 51 Lieutenant, previously firefighter 1-8 Christopher Herrmann
76%
Squad co.3 Firefighter 1-8 Harold Capp
63%
Truck co.81 Firefighter Candidate 8 Blake Gallo
56%
Truck co.81 Firefighter 1-8 Randall McHolland
52%
Truck co.81 Firefighter Candidate 7,8 Darren Ritter
41%
Ambulance no.61 Paramedic 7-8 Emily Foster
39%
Truck co.81/ squad co.3 Firefighter 1-3 Jose Vargas
36%
Truck co.81 Firefighter 4-5 Jimmy Borelli
35%
Truck co.81 Firefighter Candidate 2 Rebecca Jones
35%
Ambulance no.61 Paramedic in Charge 3-4 Jessica Chilton
32%
Squad co.3 Lieutenant 2, 5 Jeff Clarke
28%
Truck co.81 Firefighter 1-8 Brian Zvonecek
28%
Squad co.3 Firefighter 1-2 Kevin Hadley
26%
Squad co.3 Batallion chief 4 Dallas Patterson
21%
Squad co.3 Firefighter 3 Scott Rice
21%
Lakeshore Hospital Resident Physician 1 Hallie Thomas
21%
Ambulance no.61 Paramedic in Charge 2 Allison Rafferty
20%
Ambulance no.61 Paramedic 2 Allen Chout
17%
Squad co.3 Firefighter 2-3 Rick Newhouse
17%
Ambulance no.61 Paramedic 2, 7 Erik McAuley
11%
Squad co.3 Firefighter 1-8 Tony Farraris
7%
No matching quizzes found
Score Distribution
Percent of People with Each Score
Percentile by Number Answered
Your Score History
You have not taken this quiz